Your undergraduate dissertation: the essential guide for success (Record no. 83351)

MARC details
000 -LEADER
fixed length control field 01500nam a2200241 a 4500
008 - FIXED-LENGTH DATA ELEMENTS--GENERAL INFORMATION
fixed length control field 130415s2004 ||||||||||||||||| || u
020 ## - INTERNATIONAL STANDARD BOOK NUMBER
International Standard Book Number 9780761941408
050 ## - LIBRARY OF CONGRESS CALL NUMBER
Classification number LB 2369 Wal
100 ## - MAIN ENTRY--PERSONAL NAME
Personal name Walliman, Nicholas
245 10 - TITLE STATEMENT
Title Your undergraduate dissertation: the essential guide for success
Statement of responsibility, etc. by Nicholas Walliman
260 ## - PUBLICATION, DISTRIBUTION, ETC.
Place of publication, distribution, etc. London:
Name of publisher, distributor, etc. SAGE Publications
Date of publication, distribution, etc. 2004
300 ## - PHYSICAL DESCRIPTION
Extent xvii, 275p.: ill.
350 ## -
-- 49.00
490 ## -
-- SAGE Study Skills
650 #0 - SUBJECT ADDED ENTRY--TOPICAL TERM
Topical term or geographic name entry element DISSERTATIONS, ACADEMIC
650 ## - SUBJECT ADDED ENTRY--TOPICAL TERM
Topical term or geographic name entry element ACADEMIC WRITING
995 ## -
-- MAIN LIBRARY OPEN ACCESS
-- 743939
-- CBU-MAIN LIBRARY (Kitwe)
-- LB 2369 Wal
-- 2
-- AVAILABLE
-- Jun 13, 2013
-- 743939
-- Main Library Open Access Collection
995 ## -
-- ANNEX COLLECTION (Main Library)
-- 743613
-- CBU-MAIN LIBRARY (Kitwe)
-- LB 2369 Wal
-- 1
-- AVAILABLE
-- Jun 13, 2013
-- 743613
-- Annex Low-Usage Collection
995 ## -
-- MAIN LIBRARY OPEN ACCESS
-- 744379
-- CBU-MAIN LIBRARY (Kitwe)
-- LB 2369 Wal
-- 3
-- AVAILABLE
-- Sep 5, 2013
-- 744379
-- Main Library Open Access Collection
995 ## -
-- MAIN LIBRARY OPEN ACCESS
-- 745033
-- CBU-MAIN LIBRARY (Kitwe)
-- 49.00
-- LB 2369 Wal
-- 4
-- AVAILABLE
-- Mar 24, 2015
-- 745033
-- Main Library Open Access Collection
995 ## -
-- MAIN LIBRARY OPEN ACCESS
-- 745034
-- CBU-MAIN LIBRARY (Kitwe)
-- 49.00
-- LB 2369 Wal
-- 5
-- AVAILABLE
-- Mar 24, 2015
-- 745034
-- Main Library Open Access Collection
995 ## -
-- ANNEX COLLECTION (Main Library)
-- 745035
-- CBU-MAIN LIBRARY (Kitwe)
-- 49.00
-- LB 2369 Wal
-- 6
-- AVAILABLE
-- Mar 24, 2015
-- 745035
-- Annex Low-Usage Collection
999 ## -
-- 83351
-- 83351
Holdings
Withdrawn status Lost status Source of classification or shelving scheme Damaged status Not for loan Permanent Location Current Location Shelving location Date acquired Total Checkouts Full call number Barcode Date last seen Copy number Price effective from Koha item type
          CBU-MAIN LIBRARY, KITWE. CBU-MAIN LIBRARY, KITWE.   10/30/2023   LB 2369 Wal 743939 10/30/2023 1 10/30/2023 MONOGRAPH
          CBU-MAIN LIBRARY, KITWE. CBU-MAIN LIBRARY, KITWE.   10/30/2023   LB 2369 Wal 743613 10/30/2023 2 10/30/2023 MONOGRAPH
          CBU-MAIN LIBRARY, KITWE. CBU-MAIN LIBRARY, KITWE.   10/30/2023   LB 2369 Wal 744379 10/30/2023 3 10/30/2023 MONOGRAPH
          CBU-MAIN LIBRARY, KITWE. CBU-MAIN LIBRARY, KITWE.   10/30/2023   LB 2369 Wal 745033 10/30/2023 4 10/30/2023 MONOGRAPH
          CBU-MAIN LIBRARY, KITWE. CBU-MAIN LIBRARY, KITWE.   10/30/2023   LB 2369 Wal 745034 10/30/2023 5 10/30/2023 MONOGRAPH
          CBU-MAIN LIBRARY, KITWE. CBU-MAIN LIBRARY, KITWE.   10/30/2023   LB 2369 Wal 745035 10/30/2023 6 10/30/2023 MONOGRAPH